L'art de conjuguer : (Запис № 517025)

МАРК-запис
000 -LEADER
fixed length control field 01487cam a2200325Ia 4500
001 - CONTROL NUMBER
control field lartdeconjuguerd01besc
003 - CONTROL NUMBER IDENTIFIER
control field CaSfIA
005 - DATE AND TIME OF LATEST TRANSACTION
control field 20220627125046.0
007 - PHYSICAL DESCRIPTION FIXED FIELD--GENERAL INFORMATION
fixed length control field cr||||
008 - FIXED-LENGTH DATA ELEMENTS--GENERAL INFORMATION
fixed length control field 050207s1991 quc 001 0 fre d
040 ## - CATALOGING SOURCE
Original cataloging agency TEF
Transcribing agency TEF
Modifying agency OCLCG
-- CaSfIA
020 ## - INTERNATIONAL STANDARD BOOK NUMBER
International Standard Book Number 2890459136
020 ## - INTERNATIONAL STANDARD BOOK NUMBER
International Standard Book Number 9782890459137
035 ## - SYSTEM CONTROL NUMBER
System control number (OCoLC)57583005
050 14 - LIBRARY OF CONGRESS CALL NUMBER
Classification number PC2271
Item number .A78 1991
082 04 - DEWEY DECIMAL CLASSIFICATION NUMBER
Classification number 445
Edition number 22
245 02 - TITLE STATEMENT
Title L'art de conjuguer :
Medium [electronic resource]
Remainder of title dictionnaire de 12000 verbes /
Statement of responsibility, etc [L.N. Bescherelle].
260 ## - PUBLICATION, DISTRIBUTION, ETC. (IMPRINT)
Place of publication, distribution, etc Ville LaSalle, Québec :
Name of publisher, distributor, etc Hurtubise HMH,
Date of publication, distribution, etc c1991.
300 ## - PHYSICAL DESCRIPTION
Extent 175 p. ;
Dimensions 20 cm.
440 #0 - SERIES STATEMENT/ADDED ENTRY--TITLE
Title Bescherelle ;
Volume number/sequential designation 1
500 ## - GENERAL NOTE
General note Includes index.
506 ## - RESTRICTIONS ON ACCESS NOTE
Standardized terminology for access restriction Необхідна авторизація на https://archive.org/ (створення облікового запису безкоштовно)
506 ## - RESTRICTIONS ON ACCESS NOTE
Standardized terminology for access restriction Необхідна авторизація на https://openlibrary.org/ (створення облікового запису безкоштовно)
650 #0 - SUBJECT ADDED ENTRY--TOPICAL TERM
Topical term or geographic name as entry element French language
General subdivision Verb
Form subdivision Tables.
700 1# - ADDED ENTRY--PERSONAL NAME
Personal name Bescherelle,
Titles and other words associated with a name M.
Fuller form of name (Louis Nicolas),
Dates associated with a name 1802-1883.
856 41 - ELECTRONIC LOCATION AND ACCESS
Uniform Resource Identifier <a href="http://www.archive.org/details/lartdeconjuguerd01besc">http://www.archive.org/details/lartdeconjuguerd01besc</a>
Public note Free eBook from the Internet Archive
Materials specified Volume 1
856 42 - ELECTRONIC LOCATION AND ACCESS
Uniform Resource Identifier <a href="http://www.openlibrary.org/books/OL20104504M">http://www.openlibrary.org/books/OL20104504M</a>
Public note Additional information and access via Open Library
Materials specified Volume 1
942 ## - ADDED ENTRY ELEMENTS (KOHA)
Koha item type ЕКнига

Немає доступних примірників.